000
00276nam a22001337a 4500
020
_a
978-1843392729
041
_a
ENG
100
_a
Berg.S
245
_a
Water Utility Benchmarking
260
_a
New Delhi
_b
Iwa Pub
_c
2010
300
_a
170
650
_a
IDE
856
_u
IDE
999
_c
2665
_d
2665